000 00285nam a2200121Ia 4500
008 190216s9999||||xx |||||||||||||| ||und||
100 _aSundararaju R
245 0 _aSelections From George Orwell
260 _bOrient Longman
_c1971
300 _a139p
650 _aEnglish
942 _cBK
999 _c12497
_d12497